000 00511cam a22002051 4500
001 sa 67002886
003 DLC
005 20260227112334.0
008 890914m19591966ii 000 0 hino
010 _asa 67002886
035 _a(OCoLC)20345568
040 _aDLC
_cWaU
_dDLC
042 _apremarc
050 0 0 _aPK2098.J26
_bA15
100 0 _aJainendra Kumāra,
_d1905-1988.
245 1 0 _aJainendra kī kahāniyām̐.
260 _c[1959-66; v. 1, 1962]
300 _a10 v.
_c19 cm.
500 _aIn Hindi.
999 _c73501
_d73501